000 00402nam a2200157 i 4500
001 133426
003 ES-MaACL
005 20230906194413.0
007 t|
008 070214s1961 sp |||| | spa d
100 1 _aRuiz, Antonio.
_9158430
245 1 4 _aLas paredes ocultas /
_cAntonio Ruiz.
260 _aBarcelona :
_bTrimer,
_c1961.
300 _a48 p. ;
_c20 cm.
852 _aES-MaACL
_j1991-F-23
999 _c133426
_d133426